Euro Area Policies : Selected Issues.

The paper discusses the purpose, properties, and theoretical foundations of various indicators of inflation and also describes the forecasting methodology and performance of these indicators. It reviews the successful European labor market reform experiences and analyzes regulatory and supervisory f...

Fuld beskrivelse

Bibliografiske detaljer
Institution som forfatter: International Monetary Fund
Format: Tidsskrift
Sprog:English
Udgivet: Washington, D.C. : International Monetary Fund, 2006.
Serier:IMF Staff Country Reports; Country Report ; No. 2006/288
Online adgang:Full text available on IMF
LEADER 01595cas a2200241 a 4500
001 AALejournalIMF004366
008 230101c9999 xx r poo 0 0eng d
020 |c 5.00 USD 
020 |z 9781451813050 
022 |a 1934-7685 
040 |a BD-DhAAL  |c BD-DhAAL 
110 2 |a International Monetary Fund. 
245 1 0 |a Euro Area Policies :   |b Selected Issues. 
264 1 |a Washington, D.C. :  |b International Monetary Fund,  |c 2006. 
300 |a 1 online resource (138 pages) 
490 1 |a IMF Staff Country Reports 
500 |a <strong>Off-Campus Access:</strong> No User ID or Password Required 
500 |a <strong>On-Campus Access:</strong> No User ID or Password Required 
506 |a Electronic access restricted to authorized BRAC University faculty, staff and students 
520 3 |a The paper discusses the purpose, properties, and theoretical foundations of various indicators of inflation and also describes the forecasting methodology and performance of these indicators. It reviews the successful European labor market reform experiences and analyzes regulatory and supervisory frameworks in the European Union (EU), and assessments carried out under the IMF-World Bank Financial Sector Assessment Program (FSAP). It also investigates whether the cross-country correlation of bank business in Europe makes a good case for pan-European supervision. 
538 |a Mode of access: Internet 
830 0 |a IMF Staff Country Reports; Country Report ;  |v No. 2006/288 
856 4 0 |z Full text available on IMF  |u http://elibrary.imf.org/view/journals/002/2006/288/002.2006.issue-288-en.xml  |z IMF e-Library